[Event "Vlissingen HZ op 22nd"]
[Site "Vlissingen"]
[Date "2018.08.10"]
[Round "8"]
[White "Bekedam, Tyro"]
[Black "Bezemer, Arno J"]
[Result "1/2-1/2"]
[WhiteElo "2014"]
[BlackElo "2295"]
[PlyCount "87"]
[EventDate "2018.08.04"]
[EventType "swiss"]
[EventRounds "9"]
[EventCountry "NED"]
[SourceTitle "CBM 185 Extra"]
[Source "ChessBase"]
[SourceDate "2018.07.29"]
[SourceVersion "1"]
[SourceVersionDate "2018.07.29"]
[SourceQuality "1"]

1. e4 c5 2. Nf3 d6 3. d4 cxd4 4. Nxd4 Nf6 5. Nc3 Nc6 6. Be3 Ng4 7. Bg5 Qb6 8. Bb5 Bd7 9. 0-0 Qxd4 10. Bxc6 Qxd1 11. Bxd7+ Kxd7 12. Raxd1 h6 13. Bf4 g5 14. Bg3 Bg7 15. Nd5 Rac8 16. c3 e6 17. Nb4 Be5 18. Bxe5 Nxe5 19. Nd3 Ng6 20. Rd2 Ke7 21. Rfd1 Rhd8 22. f3 d5 23. Nf2 dxe4 24. Rxd8 Rxd8 25. Rxd8 Kxd8 26. Nxe4 Ke7 27. Nc5 b6 28. Nd3 Kd6 29. Kf2 f5 30. Ke3 Kd5 31. Nb4+ Kc5 32. b3 Ne7 33. g3 a5 34. Nd3+ Kd6 35. c4 Nc6 36. f4 gxf4+ 37. gxf4 e5 38. fxe5+ Nxe5 39. Nxe5 Kxe5 40. h3 f4+ 41. Kf3 Kd4 42. Kxf4 a4 43. bxa4 Kxc4 44. Kf5 1/2-1/2

[Event "Groningen op-A 55th"]
[Site "Groningen"]
[Date "2017.12.22"]
[Round "1"]
[White "Wacker, Peter"]
[Black "Bekedam, Tyro"]
[Result "1-0"]
[WhiteElo "2323"]
[BlackElo "2073"]
[PlyCount "101"]
[EventDate "2017.12.22"]
[EventType "swiss"]
[EventRounds "9"]
[EventCountry "NED"]
[SourceTitle "CBM 182 Extra"]
[Source "ChessBase"]
[SourceDate "2018.02.23"]
[SourceVersion "1"]
[SourceVersionDate "2018.02.23"]
[SourceQuality "1"]

1. e4 c6 2. d4 d5 3. Nc3 dxe4 4. Nxe4 Bf5 5. Ng3 Bg6 6. Nh3 e6 7. c3 Bd6 8. Nf4 Qc7 9. Qf3 Nd7 10. Nxg6 hxg6 11. Ne4 Ngf6 12. Nxd6+ Qxd6 13. Bf4 Qe7 14. 0-0-0 Nd5 15. Bd2 b5 16. Bd3 N7b6 17. Qe2 Rc8 18. Kb1 a6 19. g3 Na4 20. Bc2 Nab6 21. h4 Nc4 22. Be4 Kd7 23. Ka1 Rb8 24. Bc1 Rhc8 25. Rhe1 Nd6 26. Bg2 Qd8 27. h5 gxh5 28. Qxh5 g6 29. Qe2 Qa5 30. Rh1 Qa4 31. Qd3 Qc4 32. Qxc4 bxc4 33. Rh7 a5 34. Rdh1 Rb5 35. Rh8 Rbb8 36. Rxc8 Rxc8 37. Kb1 Rb8 38. Kc2 a4 39. a3 Rb5 40. Rh8 Ne8 41. Bf3 Ra5 42. Bh6 Ra8 43. Be2 Nb6 44. Bf4 Rc8 45. g4 Nf6 46. Rh2 Nfd5 47. Rh7 Ke7 48. Bg5+ Ke8 49. Kd2 Rc7 50. Rh8+ Kd7 51. Rd8# 1-0

[Event "Hoogeveen op 21st"]
[Site "Hoogeveen"]
[Date "2017.10.28"]
[Round "9"]
[White "Uksini, Bardhyl"]
[Black "Bekedam, Tyro"]
[Result "1-0"]
[WhiteElo "2363"]
[BlackElo "2037"]
[PlyCount "47"]
[EventDate "2017.10.21"]
[EventType "swiss"]
[EventRounds "9"]
[EventCountry "NED"]
[SourceTitle "CBM 181 Extra"]
[Source "ChessBase"]
[SourceDate "2017.12.12"]
[SourceVersion "1"]
[SourceVersionDate "2017.12.12"]
[SourceQuality "1"]

1. Nf3 Nf6 2. b3 d5 3. Bb2 c5 4. g3 Nc6 5. Bg2 Qc7 6. d4 b6 7. dxc5 bxc5 8. Bxf6 exf6 9. Qxd5 Be6 10. Qe4 f5 11. Qe3 Nb4 12. Qc1 c4 13. 0-0 Rc8 14. c3 Nd5 15. Nd4 g6 16. Na3 Qa5 17. Nxc4 Qxc3 18. Bxd5 Qxd4 19. Bxe6 fxe6 20. Nd6+ Qxd6 21. Qxc8+ Kf7 22. Rfd1 Qb6 23. Rd7+ Kg8 24. Rc1 1-0

[Event "Hoogeveen op 21st"]
[Site "Hoogeveen"]
[Date "2017.10.23"]
[Round "3"]
[White "Duson, Robin"]
[Black "Bekedam, Tyro"]
[Result "0-1"]
[WhiteElo "1890"]
[BlackElo "2037"]
[PlyCount "72"]
[EventDate "2017.10.21"]
[EventType "swiss"]
[EventRounds "9"]
[EventCountry "NED"]
[SourceTitle "CBM 181 Extra"]
[Source "ChessBase"]
[SourceDate "2017.12.12"]
[SourceVersion "1"]
[SourceVersionDate "2017.12.12"]
[SourceQuality "1"]

1. e4 e6 2. d4 d5 3. Nc3 Nf6 4. e5 Nfd7 5. f4 c5 6. Nf3 Nc6 7. Be3 Be7 8. Qd2 0-0 9. 0-0-0 a6 10. dxc5 Bxc5 11. Bxc5 Nxc5 12. Nd4 Qc7 13. Qf2 Nxd4 14. Qxd4 b5 15. Bd3 Rb8 16. a3 Bd7 17. b4 Na4 18. Nxa4 bxa4 19. Bxa6 Bb5 20. Bxb5 Rxb5 21. Rd3 Rc8 22. c3 Rb6 23. Kd2 Rc6 24. Rc1 Rc4 25. Qe3 Re4 26. Qf3 Qc4 27. g3 Qa2+ 28. Rc2 Qxa3 29. Qf2 Rxb4 30. Qa7 Rbc4 31. Qb6 h6 32. h3 R4c6 33. Qa7 Qb3 34. h4 a3 35. h5 Rc4 36. Qa5 Ra4 0-1

[Event "Hoogeveen op 21st"]
[Site "Hoogeveen"]
[Date "2017.10.22"]
[Round "2"]
[White "Bekedam, Tyro"]
[Black "Warakomska, Anna"]
[Result "0-1"]
[WhiteElo "2037"]
[BlackElo "2295"]
[PlyCount "74"]
[EventDate "2017.10.21"]
[EventType "swiss"]
[EventRounds "9"]
[EventCountry "NED"]
[SourceTitle "CBM 181 Extra"]
[Source "ChessBase"]
[SourceDate "2017.12.12"]
[SourceVersion "1"]
[SourceVersionDate "2017.12.12"]
[SourceQuality "1"]

1. e4 e5 2. Nf3 Nc6 3. Bb5 a6 4. Ba4 Nf6 5. 0-0 Be7 6. Re1 b5 7. Bb3 d6 8. c3 0-0 9. d3 Na5 10. Bc2 c5 11. Nbd2 Nc6 12. Nf1 h6 13. h3 Be6 14. Ne3 Re8 15. Kh2 d5 16. g4 d4 17. Nf5 Nh7 18. Qd2 Bf6 19. h4 Bxf5 20. gxf5 Bxh4 21. Rg1 Bg5 22. Nxg5 hxg5 23. Qe2 Qf6 24. Bb3 Rad8 25. Rg3 Na5 26. Bd5 c4 27. cxd4 exd4 28. Qh5 Rxd5 29. exd5 Qxf5 30. Bxg5 g6 31. Qh6 Re2 32. Rf1 cxd3 33. Kg1 Nc4 34. d6 Nxd6 35. Bf4 Ne4 36. Rxd3 Neg5 37. Rc1 Re8 0-1

[Event "EU-ch U16 27th"]
[Site "Mamaia"]
[Date "2017.09.09"]
[Round "5"]
[White "Vestby Ellingsen, Mads"]
[Black "Bekedam, Tyro"]
[Result "1-0"]
[WhiteElo "2262"]
[BlackElo "1995"]
[PlyCount "79"]
[EventDate "2017.09.05"]
[EventType "swiss"]
[EventRounds "9"]
[EventCountry "ROU"]
[SourceTitle "EXT 2018"]
[Source "ChessBase"]
[SourceDate "2017.10.13"]
[SourceVersion "1"]
[SourceVersionDate "2017.10.13"]
[SourceQuality "1"]

1. d4 d5 2. c4 c6 3. Nf3 Nf6 4. Nc3 e6 5. Bg5 dxc4 6. a4 Bb4 7. e4 Bxc3+ 8. bxc3 Qa5 9. e5 Ne4 10. Bd2 Nxd2 11. Qxd2 b5 12. Qb2 Nd7 13. axb5 Qxb5 14. Qa2 Qb3 15. Qa3 Qxa3 16. Rxa3 Nb6 17. Nd2 Ke7 18. Nxc4 Nxc4 19. Bxc4 Bd7 20. Ke2 Rhb8 21. Rha1 Rb7 22. Ke3 Kd8 23. g4 Kc7 24. f4 Kb8 25. R3a2 Kc7 26. h4 Kd8 27. h5 Ke7 28. Bd3 g6 29. hxg6 hxg6 30. Ra3 Kf8 31. Be4 Rc7 32. g5 Kg7 33. Kd3 Kf8 34. Rb3 Kg7 35. Kc4 Kf8 36. Ra6 Ke7 37. Kc5 Be8 38. c4 Bd7 39. Bxc6 Bxc6 40. Rxc6 1-0

[Event "Dieren op"]
[Site "Dieren"]
[Date "2017.07.25"]
[Round "1"]
[White "Hausrath, Daniel"]
[Black "Bekedam, Tyro"]
[Result "1-0"]
[WhiteElo "2482"]
[BlackElo "2150"]
[PlyCount "43"]
[EventDate "2017.07.25"]
[EventType "swiss"]
[EventRounds "9"]
[EventCountry "NED"]
[SourceTitle "CBM 179 Extra"]
[Source "ChessBase"]
[SourceDate "2017.08.23"]
[SourceVersion "1"]
[SourceVersionDate "2017.08.23"]
[SourceQuality "1"]

1. Nf3 Nf6 2. g3 d5 3. Bg2 c5 4. 0-0 Nc6 5. d4 Bf5 6. c4 e6 7. cxd5 Nxd5 8. Nc3 cxd4 9. Nxd4 Nxc3 10. bxc3 Nxd4 11. cxd4 Qd7 12. Qb3 Rb8 13. e4 Bg6 14. d5 Bc5 15. Bb2 exd5 16. Qc3 Rc8 17. Qxg7 Rf8 18. exd5 f5 19. Rfe1+ Kd8 20. Bf6+ Kc7 21. d6+ Bxd6 22. Rac1+ 1-0

[Event "Utrecht OKU op 44th"]
[Site "Utrecht"]
[Date "2017.06.11"]
[Round "6"]
[White "Bekedam, Tyro"]
[Black "Van Dael, Siem"]
[Result "0-1"]
[WhiteElo "2053"]
[BlackElo "2233"]
[PlyCount "72"]
[EventDate "2017.06.09"]
[EventType "swiss"]
[EventRounds "6"]
[EventCountry "NED"]
[SourceTitle "CBM 178 Extra"]
[Source "ChessBase"]
[SourceDate "2017.06.22"]
[SourceVersion "1"]
[SourceVersionDate "2017.06.22"]
[SourceQuality "1"]

1. e4 c5 2. Nf3 d6 3. d4 cxd4 4. Qxd4 Nc6 5. Bb5 Bd7 6. Qd3 Rc8 7. Nc3 Nb4 8. Bxd7+ Qxd7 9. Qe2 g6 10. Be3 Bg7 11. Bd4 Nf6 12. Rd1 0-0 13. e5 Nfd5 14. 0-0 Nf4 15. Qe3 Qg4 16. Ne1 Nxc2 17. Qg3 Qxg3 18. hxg3 Nxd4 19. gxf4 dxe5 20. fxe5 Bxe5 21. Nd3 Bd6 22. Rfe1 Rfd8 23. Ne4 Nc2 24. Re2 Nb4 25. Nxb4 Bxb4 26. Rxd8+ Rxd8 27. a3 Rd1+ 28. Kh2 Re1 29. Rxe1 Bxe1 30. Kg3 b6 31. Kf3 f5 32. Ng5 Bd2 33. Ne6 Bc1 34. b3 Bxa3 35. Nd4 Bc5 36. Nc6 a5 0-1

[Event "Delft Prinsenstad op 10th"]
[Site "Delft"]
[Date "2017.04.14"]
[Round "1"]
[White "Bekedam, Tyro"]
[Black "Van den Doel, Erik"]
[Result "0-1"]
[WhiteElo "2004"]
[BlackElo "2566"]
[PlyCount "74"]
[EventDate "2017.04.14"]
[EventType "swiss"]
[EventRounds "6"]
[EventCountry "NED"]
[SourceTitle "CBM 177 Extra"]
[Source "ChessBase"]
[SourceDate "2017.04.27"]
[SourceVersion "1"]
[SourceVersionDate "2017.04.27"]
[SourceQuality "1"]

1. e4 e5 2. Nf3 Nc6 3. Bb5 a6 4. Ba4 Nf6 5. 0-0 Be7 6. Re1 b5 7. Bb3 d6 8. c3 0-0 9. d3 Na5 10. Bc2 c5 11. Nbd2 Nc6 12. Nf1 h6 13. Ne3 Re8 14. h3 Be6 15. g4 Nh7 16. Nf5 Bg5 17. Nxg5 hxg5 18. Qf3 Nf8 19. Be3 Ng6 20. Red1 Rc8 21. Bb3 Nf4 22. d4 cxd4 23. cxd4 Bxb3 24. axb3 g6 25. Ng3 Nxh3+ 26. Kh2 Nf4 27. Rxa6 Kg7 28. Ne2 Rh8+ 29. Kg1 Rh3 30. Ng3 Rh4 31. dxe5 Nxe5 32. Bd4 Qe7 33. Qe3 Qe6 34. Bc3 Qxg4 35. Raxd6 Rh1+ 36. Kxh1 Qh3+ 37. Kg1 Qg2# 0-1

[Event "Hoogeveen Unive op 20th"]
[Site "Hoogeveen"]
[Date "2016.10.15"]
[Round "1"]
[White "Bekedam, Tyro"]
[Black "De Jong, Migchiel"]
[Result "1/2-1/2"]
[WhiteElo "2069"]
[BlackElo "2330"]
[PlyCount "146"]
[EventDate "2016.10.15"]
[EventType "swiss"]
[EventRounds "9"]
[EventCountry "NED"]
[SourceTitle "EXT 2017"]
[Source "ChessBase"]
[SourceDate "2016.10.25"]
[SourceVersion "1"]
[SourceVersionDate "2016.10.25"]
[SourceQuality "1"]

1. e4 e6 2. d4 d5 3. Nc3 Bb4 4. e5 Ne7 5. Qg4 c5 6. a3 Qa5 7. Bd2 cxd4 8. Qxd4 Nbc6 9. Qg4 d4 10. Nb1 Qxe5+ 11. Be2 Bd6 12. Nf3 Qf5 13. Qxf5 Nxf5 14. 0-0 e5 15. Re1 0-0 16. Bb5 Re8 17. Bxc6 bxc6 18. g4 Ne7 19. Nxe5 c5 20. h3 Be6 21. b3 Rab8 22. a4 Ng6 23. Nxg6 hxg6 24. Na3 d3 25. Nb5 Bf8 26. Bf4 Rb7 27. cxd3 Rd8 28. Re3 Bxb3 29. Be5 a6 30. Nc3 f6 31. Bg3 Rbd7 32. Rb1 Bc2 33. Rb6 Bxd3 34. a5 Ra8 35. g5 fxg5 36. Re5 Bf5 37. Nd5 Rad8 38. Nc3 Bd6 39. Rd5 Bxg3 40. Rxd7 Rxd7 41. fxg3 Bd3 42. Rc6 Re7 43. Nd5 Re1+ 44. Kf2 Re2+ 45. Kf3 Re5 46. Rxc5 Be4+ 47. Ke3 Rxd5 48. Rc8+ Kh7 49. Kxe4 Rxa5 50. Kf3 Ra3+ 51. Kg2 g4 52. h4 Ra2+ 53. Kg1 a5 54. Ra8 a4 55. Kh1 a3 56. Kg1 g5 57. h5 g6 58. h6 Kxh6 59. Ra7 Ra1+ 60. Kh2 Re1 61. Rxa3 Re2+ 62. Kg1 Kg7 63. Ra6 Kf7 64. Kf1 Rd2 65. Rb6 Rd3 66. Kg2 Re3 67. Kf2 Rf3+ 68. Kg2 Rf6 69. Rxf6+ Kxf6 70. Kf2 Kf5 71. Kf1 Ke5 72. Ke1 Kd5 73. Kd1 Kc5 1/2-1/2

[Event "Goch op 27th"]
[Site "Goch"]
[Date "2016.09.04"]
[Round "6"]
[White "Bekedam, Tyro"]
[Black "Nagel, Bernhard"]
[Result "1/2-1/2"]
[WhiteElo "2054"]
[BlackElo "2230"]
[PlyCount "91"]
[EventDate "2016.09.01"]
[EventType "swiss"]
[EventRounds "7"]
[EventCountry "GER"]
[SourceTitle "EXT 2018"]
[Source "ChessBase"]
[SourceDate "2017.10.13"]
[SourceVersion "1"]
[SourceVersionDate "2017.10.13"]
[SourceQuality "1"]

1. e4 e5 2. Nf3 Nc6 3. d4 exd4 4. Nxd4 Nf6 5. Nc3 Bb4 6. Nxc6 bxc6 7. Bd3 d6 8. 0-0 Ng4 9. h3 Ne5 10. Be3 0-0 11. f4 Bxc3 12. bxc3 Nxd3 13. cxd3 f5 14. exf5 Bxf5 15. g4 Bd7 16. Qf3 Qe7 17. Rae1 Qf7 18. Re2 Qg6 19. Bc1 h5 20. Rg2 hxg4 21. hxg4 Qf6 22. Bb2 Rab8 23. Ba1 Rbe8 24. c4 Qe6 25. Bd4 c5 26. f5 Qe7 27. Bf2 Qg5 28. Rg3 Re5 29. Be3 Qe7 30. Rh3 Bc6 31. Qg3 Re8 32. Qh2 Kf7 33. Rh7 Rg8 34. Qh5+ Kf8 35. f6 Qe6 36. fxg7+ Ke7 37. Bg5+ Kd7 38. Qf7+ Qxf7 39. Rxf7+ Ke8 40. Rxc7 Rxg5 41. Rh8 R5xg7 42. Rxg8+ Rxg8 43. Rxc6 Rxg4+ 44. Kf2 Kd7 45. Ra6 Ke6 46. Rxa7 1/2-1/2

[Event "Goch op 27th"]
[Site "Goch"]
[Date "2016.09.02"]
[Round "3"]
[White "Auwens, Michiel"]
[Black "Bekedam, Tyro"]
[Result "0-1"]
[WhiteElo "1868"]
[BlackElo "2054"]
[PlyCount "66"]
[EventDate "2016.09.01"]
[EventType "swiss"]
[EventRounds "7"]
[EventCountry "GER"]
[SourceTitle "EXT 2018"]
[Source "ChessBase"]
[SourceDate "2017.10.13"]
[SourceVersion "1"]
[SourceVersionDate "2017.10.13"]
[SourceQuality "1"]

1. e4 c6 2. d3 d5 3. Nd2 dxe4 4. dxe4 e5 5. Bc4 Nf6 6. Ngf3 Bd6 7. h3 0-0 8. 0-0 Nbd7 9. Qe2 b5 10. Bb3 Nc5 11. a4 Qb6 12. Rd1 Rd8 13. axb5 cxb5 14. Bd5 Bb7 15. c4 b4 16. b3 a5 17. Qe3 Qc7 18. Bb2 Re8 19. Rdc1 Bc6 20. Nh2 Qb7 21. f3 a4 22. bxa4 Nxa4 23. Qb3 Nc5 24. Qe3 Na4 25. Qb3 Nxb2 26. Rxa8 Rxa8 27. Qxb2 Bc5+ 28. Kf1 Bd4 29. Qb1 Ra1 30. Qc2 Nxd5 31. exd5 Ba4 32. Nb3 Bxb3 33. Qd2 Bxc4+ 0-1

[Event "NED-ch U16"]
[Site "Rotterdam"]
[Date "2016.05.04"]
[Round "6"]
[White "Van Nimwegen, Martijn"]
[Black "Bekedam, Tyro"]
[Result "0-1"]
[WhiteElo "1491"]
[BlackElo "2011"]
[PlyCount "60"]
[EventDate "2016.04.29"]
[EventType "swiss"]
[EventRounds "9"]
[EventCountry "NED"]
[SourceTitle "CBM 172 Extra"]
[Source "ChessBase"]
[SourceDate "2016.06.21"]
[SourceVersion "1"]
[SourceVersionDate "2016.06.21"]
[SourceQuality "1"]

1. e4 c6 2. d4 d5 3. Nc3 dxe4 4. Nxe4 Bf5 5. Ng3 Bg6 6. Nf3 Nd7 7. h4 h6 8. h5 Bh7 9. Bd3 Bxd3 10. Qxd3 e6 11. Bd2 Ngf6 12. 0-0-0 Be7 13. Kb1 0-0 14. Qe2 Re8 15. Ne5 Qb6 16. c3 Rad8 17. f4 Nd5 18. Ne4 c5 19. c4 N5f6 20. g4 Nxe4 21. Qxe4 cxd4 22. Qe1 Qc5 23. b3 b5 24. Ba5 Nb6 25. b4 Qc8 26. c5 Qb7 27. Qe2 Nd5 28. Qf1 Nc3+ 29. Ka1 Nxd1 30. Bxd8 Ne3 0-1